000 00498nam a2200181Ia 4500
005 20250508152842.0
008 008 250505s9999 xx 000 0 eng d
037 _aTextual
040 _aFEDL
_beng
_cFEDL
041 _aeng
_2eng
084 _a372, FIN
_qFEDL
100 _aFine Benjamin
245 0 _aHow to get the best education for your child
260 _aNew York, USA
_bG P Putnam's Sons
_c1959
300 _a251p.
942 _cTEXL
_h372, FIN
999 _c1339197
_d1339197